| 000 | 00695nam a2200181 i 4500 | ||
|---|---|---|---|
| 001 | 151011 | ||
| 003 | ES-MaACL | ||
| 005 | 20230906203811.0 | ||
| 007 | t| | ||
| 008 | 071127s1875 sp ||||1| spa d | ||
| 100 | 1 |
_aVallejo, Luis de. _9112842 |
|
| 245 | 1 | 0 |
_aConferencias filosófico-político-militares dadas en el Ateneo Científico del Ejército y la Armada / _cpor Luis de Vallejo ; precedidas de un prólogo escrito por Juan López Serrano. |
| 260 |
_aMadrid : _b[s.n.], _c1881 ( _fJ. J. Heras) |
||
| 300 |
_aVIII, 225 p. ; _c19 cm. |
||
| 700 | 1 |
_aLópez Serrano, Juan. _973983 |
|
| 710 | 2 |
_aAteneo del Ejército y de la Armada (Madrid) _9134158 |
|
| 852 |
_aES-MaACL _jG-9599 _bR.142970 |
||
| 999 |
_c151011 _d151011 |
||